<?xml version="1.0" encoding="UTF-8"?>
<record
    xmlns:xsi="http://www.w3.org/2001/XMLSchema-instance"
    xsi:schemaLocation="http://www.loc.gov/MARC21/slim http://www.loc.gov/standards/marcxml/schema/MARC21slim.xsd"
    xmlns="http://www.loc.gov/MARC21/slim">

  <leader>00864nam a22002537a 4500</leader>
  <controlfield tag="005">20260507145736.0</controlfield>
  <datafield tag="010" ind1=" " ind2=" ">
    <subfield code="a">ENG-148394</subfield>
  </datafield>
  <datafield tag="020" ind1=" " ind2=" ">
    <subfield code="c">2682.00</subfield>
    <subfield code="a">9788196364717</subfield>
  </datafield>
  <datafield tag="035" ind1=" " ind2=" ">
    <subfield code="a">EN-131926</subfield>
  </datafield>
  <datafield tag="037" ind1=" " ind2=" ">
    <subfield code="b">DBAD</subfield>
  </datafield>
  <datafield tag="082" ind1=" " ind2=" ">
    <subfield code="a">020.954442</subfield>
  </datafield>
  <datafield tag="245" ind1=" " ind2=" ">
    <subfield code="a">Directory of Libraries :</subfield>
    <subfield code="c">edited by Siva Prasad Senapathi; compiled by Tapas Das Gupta and Parthasarathi Das</subfield>
    <subfield code="b">West Bengal</subfield>
  </datafield>
  <datafield tag="250" ind1=" " ind2=" ">
    <subfield code="a">First</subfield>
  </datafield>
  <datafield tag="260" ind1=" " ind2=" ">
    <subfield code="a">KolKata</subfield>
    <subfield code="b">Central Reference Library, Govt. of India</subfield>
    <subfield code="c">2025</subfield>
  </datafield>
  <datafield tag="270" ind1=" " ind2=" ">
    <subfield code="a">Belvedere Estate, Alipore,</subfield>
    <subfield code="b">KolKata</subfield>
    <subfield code="e">700027</subfield>
  </datafield>
  <datafield tag="300" ind1=" " ind2=" ">
    <subfield code="a">xxi,1093p.:</subfield>
    <subfield code="c">28cm(Hb)</subfield>
    <subfield code="b">illus.</subfield>
  </datafield>
  <datafield tag="500" ind1=" " ind2=" ">
    <subfield code="a">Includes index</subfield>
  </datafield>
  <datafield tag="650" ind1=" " ind2=" ">
    <subfield code="a">Public libraries</subfield>
    <subfield code="9">89023</subfield>
  </datafield>
  <datafield tag="650" ind1=" " ind2=" ">
    <subfield code="a">Directories</subfield>
    <subfield code="9">89024</subfield>
  </datafield>
  <datafield tag="700" ind1=" " ind2=" ">
    <subfield code="a">Senapathi ,Siva Prasad </subfield>
    <subfield code="9">89025</subfield>
  </datafield>
  <datafield tag="700" ind1=" " ind2=" ">
    <subfield code="a">Gupta, Tapas Das </subfield>
    <subfield code="9">89026</subfield>
  </datafield>
  <datafield tag="700" ind1=" " ind2=" ">
    <subfield code="a">Das ,Parthasarathi </subfield>
    <subfield code="9">89027</subfield>
  </datafield>
  <datafield tag="942" ind1=" " ind2=" ">
    <subfield code="2">ddc</subfield>
    <subfield code="c">EN</subfield>
    <subfield code="h">020.954442</subfield>
    <subfield code="m">DIR</subfield>
  </datafield>
  <datafield tag="999" ind1=" " ind2=" ">
    <subfield code="c">216096</subfield>
    <subfield code="d">216096</subfield>
  </datafield>
  <datafield tag="952" ind1=" " ind2=" ">
    <subfield code="0">0</subfield>
    <subfield code="1">0</subfield>
    <subfield code="4">0</subfield>
    <subfield code="7">1</subfield>
    <subfield code="8">REF</subfield>
    <subfield code="a">ZLS</subfield>
    <subfield code="b">ZLS</subfield>
    <subfield code="d">2026-05-07</subfield>
    <subfield code="e">DBAD</subfield>
    <subfield code="g">2682.00</subfield>
    <subfield code="l">0</subfield>
    <subfield code="o">020.954442 DIR</subfield>
    <subfield code="p">EN-131926</subfield>
    <subfield code="r">2026-05-07 14:58:40</subfield>
    <subfield code="t">1</subfield>
    <subfield code="v">2682.00</subfield>
    <subfield code="w">2026-05-07</subfield>
    <subfield code="y">EN</subfield>
  </datafield>
</record>
